University Home | Library Home | Institutional Repository

From solferino to Tsushima / (Record no. 100081)

MARC details
000 -LEADER
fixed length control field 00472cam6a220016900 4500
005 - DATE AND TIME OF LATEST TRANSACTION
control field 20190819095931.0
008 - FIXED-LENGTH DATA ELEMENTS--GENERAL INFORMATION
fixed length control field 031205
020 ## - INTERNATIONAL STANDARD BOOK NUMBER
International Standard Book Number 2880440122
035 ## - SYSTEM CONTROL NUMBER
System control number (Sirsi) a146254
050 #0 - LIBRARY OF CONGRESS CALL NUMBER
Classification number HV 650 BOI 1985
100 1# - MAIN ENTRY--PERSONAL NAME
Personal name Boissier, Pierre
Linkage A116861.2
245 10 - TITLE STATEMENT
Title From solferino to Tsushima /
Statement of responsibility, etc. Pierre Boissier.
260 ## - PUBLICATION, DISTRIBUTION, ETC.
Place of publication, distribution, etc. Geneva:
Name of publisher, distributor, etc. Henry Dunant Intitute,
Date of publication, distribution, etc. 1985.
350 ## - PRICE (NR) (BK AM CF MU VM SE) [OBSOLETE]
Price 25
300 ## - PHYSICAL DESCRIPTION
Extent 391p.
650 #0 - SUBJECT ADDED ENTRY--TOPICAL TERM
Topical term or geographic name entry element Red cross -- History

No items available.

© 2026 - The University of Zambia Library - Koha v25.11